Quizzes
Events
Quiz Creation
Community
Videos
Private Events
Remove Ads
Sign In
Join for FREE
Feedback
Dark Mode
Quiz Categories
Sports
Geography
Music
Movies
Television
Just For Fun
Miscellaneous
History
Literature
Language
Science
Gaming
Entertainment
Religion
Holiday
For Kids
Quiz Lab
Recent
Popular Today
Quiz Kudos Today
Editor Picks
Curator Picks
Quizzes by...
Day
Popularity
Type
Ratings
Length
Year
Community
Subscriptions
Recent Discussions
Orange Saloon
Badges
Playlists
Quests
Create
Leaderboards
Showdown
Live 5
Trivia Bingo
Activity
Puzzle Library
Sporcle Events
Private Events
Virtual Trivia
Globe League
Become a Host
Pub Owners
SporcleCon
Opinionation
Our Games
Videos
Blog
Mobile Apps
Partnerships
Remove Ads and Go Orange
Feedback
Geography
Country
Landmarks
City
State
Population
World
Capital
Continent
Flags
Europe
Africa
Asia
South America
North America
Oceania
Border
Canada
United Kingdom
Topography
United States
Geography
Country
Landmarks
City
State
Population
World
Capital
Continent
Flags
Europe
Africa
Asia
South America
North America
Oceania
Border
Canada
United Kingdom
Topography
United States
Random Quiz
Search Sporcle
×
Quiz Lab
Quiz Lab
Geography
State
Type in answers that appear in a list
Type in answers that appear in a list
Classic
Best Score? Go Orange.
State capitals Stats
Can you name the states?
By
mattymat
5m
50 Questions
172 Plays
172 Plays
172 Plays
Comments
Comments
Give Quiz Kudos
Give Quiz Kudos
-
- Ratings
hide this ad
Forced Order
Answers have to be entered in order
Answers have to be entered in order
Replay
Link that replays current quiz
Next Quiz
Link to next quiz in quiz playlist
You Got
0%
They Got
Avg Score
89%
Avg Friend Score
Upgrade to see
Score Distribution
Jump to the score distribution portion of the page
Score
0/50
Timer
05:00
0
Plays Today
capitals
states
% Correct
phoenix
arizona
98.8%
indianapolis
indiana
98.3%
austin
texas
97.7%
nashville
tennessee
96.5%
denver
colorado
96.5%
atlanta
georgia
96.5%
little rock
arkansas
95.9%
sacramento
california
95.9%
salt lake city
utah
95.3%
honolulu
hawaii
95.3%
montegomery
alabama
94.8%
providence
rhode island
94.8%
sante fe
new mexico
94.8%
albany
new york
94.8%
boston
massachusetts
94.8%
oklahoma city
oklahoma
94.8%
juneau
alaska
94.2%
tallahasse
florida
94.2%
hartford
connecticut
93%
columbus
ohio
93%
springfield
illinois
91.3%
lincoln
nebraska
91.3%
de moines
iowa
91.3%
topeka
kansas
91.3%
baton rouge
louisiana
91.3%
capitals
states
% Correct
raleigh
north carolina
91.3%
boise
idaho
90.7%
trenton
new jersey
90.1%
helena
montana
88.4%
montpelier
vermont
88.4%
annapolis
maryland
87.8%
carson city
nevada
87.2%
lansing
michigan
87.2%
bismark
north dakota
86%
olympia
washington
86%
st. paul
minnesota
86%
madison
wisconsin
86%
augusta
maine
85.5%
dover
delaware
84.9%
salem
oregon
84.3%
harrisburg
pennsylvania
83.7%
pierre
south dakota
83.1%
jackson
mississippi
83.1%
cheyenne
wyoming
82.6%
richmond
virginia
82%
frankfort
kentucky
81.4%
columbia
south carolina
79.7%
concord
new hampshire
79.1%
jefferson city
missouri
71.5%
charleston
west virginia
57.6%
Quiz Playlist
Details
Report
Send in Message
Add To Playlist
Classic:
Type in answers that appear in a list
Forced Order:
Answers have to be entered in order
Last Updated: Feb 16, 2017
Quiz Scoreboard
CHALLENGE
Sign Up to Join the Scoreboard
Show All
Scores
Hide
Comments
May contain spoilers
Recently Published
College Basketball Coaching Resumes
by pancakes188
Sports
9m
Billboard Blitz: Fleetwood Mac
by CooCooCachoo
Music
15s
Presidents Visiting Landmarks
by Hejman
History
7m
More to Explore
Quiz From the Vault
Featured Blog Post
Where Did the Easter Bunny Come From?
hide this ad
You Might Also Like...
Tags
Capital Quiz
State Quiz
Today's Top Quizzes in Geography
Browse Geography
hide this ad
Today's Top Quizzes in State
Browse State
Top Contributed Quizzes in Geography
1
Countries of the World - No Outlines Minefield
2
Top 25 Cities of France on a map
3
Any capital of a 'B' country per Continent
4
Any capital of a 'C' country per Continent
5
Closest Countries to UK A-Z
6
Any capital of a 'D' country per Continent
7
5-to-1: US Geography No Hints
8
Any capital of an 'E' country per Continent
9
One Thing in Common: United Kingdom
10
Click the Alabama Counties! (Map)
Explore More
Trending Topics
Anime
Kpop
Crossword
Marvel
Harry Potter
Disney
NBA
The Office
Song
Pokémon
WWE
Soccer
NFL
Country
Puzzle
hide this ad
More By:
mattymat
Quiz
Plays
Rating
Category
Featured
Created
60 Second Blitz: NFL Teams
358,850
4.32
Just For Fun
Mar 13, 2010
The NFL Quiz
1,767
2.00
Sports
May 4, 2010
120 Second Blitz: US States
1,763
3.20
Just For Fun
May 6, 2010
60 second blitz: MLB teams
714
2.33
Just For Fun
Apr 18, 2010
candy bar logos
582
2.17
Just For Fun
May 1, 2010
Go to Creator's Profile
Score Distribution
Quiz Creator Spotlight
mattymat
Follow
Send a Message
Quizzes Created
-
Created Quiz Play Count
-
More By This Creator
Popular Quizzes Today
1
Find the US States - No Outlines Minefield
2
Find the Countries of Europe - No Outlines Minefield
3
The Countries of the World
4
Find the US States
5
Risky Map Clicking: Biggest States A-Z
6
US States
7
Popular People in 1961
8
Movies - When Are They Set?
More Geography Quizzes
Postcards from The United States - VII
Quiz Lab
Trending Quizzes
Risky Map Clicking: Least Populous States A-Z
1-10 Letter G Words
1-10 Letter F Words
Risky Map Clicking: Next State Alphabetically
Click the Washington State Counties! (Map)
Recently Updated
Leaping Animals
pecheneg
Reality TV Shows (A-Z)
bhenderson79
Rickey Henderson's Hall of Fame Teammates
pecheneg
Champions League XIs: Arsenal
pecheneg
Quick Pick: Celebrities in WWE's Hall of Fame
aduchscher
A-Z Keypad Blitz II
pecheneg
Multiple Oscar Actors
pecheneg
Mystery Phrase Blitz: Oscar 'Best Actors'
pecheneg
F. Scott Fitzgerald Novels
LTH
Pick 3 Villains
ddd62291
Trending Topics
Crossword
Marvel
Disney
Harry Potter
NBA
Kpop
Anime
WWE
Song
Country
NFL
Soccer
Puzzle
The Office
Pokémon
Your Account Isn't Verified!
In order to create a playlist on Sporcle, you need to verify the email address you used during registration. Go to your
Sporcle Settings
to finish the process.
Report this User
Report this user for behavior that violates our
Community Guidelines
.
Details:
Send Report
Go to the Sporcle.com Mobile Site →
Comments